Miradas desencadenantes: Hacia una construcción de la autonomía de las mujeres /

Zapisane w:
Opis bibliograficzny
organizacja autorów: Instituto Tecnológico de Santo Domingo, Conferencias Dominacanas de Estudios de Género
Format: Materiały konferencyjne
Język:Spanish
Wydane: República Dominicana : INTEC
Hasła przedmiotowe:
Etykiety: Dodaj etykietę
Nie ma etykietki, Dołącz pierwszą etykiete!

MARC

LEADER 00000 a2200000 04500
001 48953
003 cru CIDCACS/IIS
005 20211212062541.0
008 050706s2014 dr spa d
999 |c 15148  |d 15148 
020 |a 978-9945-472-33-2  
040 |c CIDCACS/IIS 
090 |a 05.03.03 C748m 2014 
110 |a Instituto Tecnológico de Santo Domingo  
245 |a Miradas desencadenantes:   |b Hacia una construcción de la autonomía de las mujeres /   |c Instituto Tecnológico de Santo Domingo  
260 |a República Dominicana :   |b INTEC  
300 |a 435 páginas  
650 0 |a PROSTITUCION  |9 6507 
650 0 |9 896  |a VIOLENCIA CONTRA LAS MUJERES 
650 0 |9 1034  |a XENOFOBIA 
650 0 |9 113  |a PARTICIPACION DE LA MUJER 
650 4 |9 3349  |a ADOLESCENTES 
650 0 |9 86  |a DISCRIMINACION BASADA EN EL GENERO 
711 |a Conferencias Dominacanas de Estudios de Género  
942 |2 ddc  |c LI